| 000 | 00548nam a2200097Ia 4500 | ||
|---|---|---|---|
| 008 | 170517s9999 xx 000 0 und d | ||
| 245 | _aWhy Are Thin People Not Fat? | ||
| 300 | _aThe world is affected by an obesity epidemic, but why is it that not everyone is succumbing? Medical science has been obsessed with this subject and is coming up with some unexpected answers. As it turns out, it is not all about exercise and diet. At the center of this... | ||
| 650 | _xTechnology. | ||
| 856 | _uhttp://topdocumentaryfilms.com/why-are-thin-people-not-fat/ | ||
| 999 |
_c335147 _d335147 |
||